Ponencias del Congreso Crítico de Literatura Dominicana / (Registro nro. 15804)

Detalles MARC
000 -CABECERA
campo de control de longitud fija 02458nam a2200349 a 4500
001 - NÚMERO DE CONTROL
campo de control 000006773
003 - IDENTIFICADOR DEL NÚMERO DE CONTROL
campo de control DO-SdBPM
005 - FECHA Y HORA DE LA ÚLTIMA TRANSACCIÓN
campo de control 20260428131012.0
007 - CAMPO FIJO DE DESCRIPCIÓN FÍSICA--INFORMACIÓN GENERAL
campo de control de longitud fija ta
008 - DATOS DE LONGITUD FIJA--INFORMACIÓN GENERAL
campo de control de longitud fija 090902s1994 dr 000 0 spa d
020 ## - NÚMERO INTERNACIONAL ESTÁNDAR DEL LIBRO
Número Internacional Estándar del Libro 8489536912X
040 ## - FUENTE DE LA CATALOGACIÓN
Centro catalogador/agencia de origen DO-SdBPM
Lengua de catalogación spa
Centro/agencia transcriptor BPMSU
Centro/agencia modificador rda
082 04 - NÚMERO DE LA CLASIFICACIÓN DECIMAL DEWEY
Número de clasificación 801.95
Número de documento/Ítem C749p 1994
Número de edición 22
111 2# - ENTRADA PRINCIPAL--NOMBRE DE CONGRESO/REUNIÓN
Nombre de congreso/reunión o jurisdicción como elemento de entrada Congreso Crítico de Literatura Dominicana
Número del congreso/reunión o número de parte o sección (1:
Fecha del congreso/reunión 23 - 25 de julio de 1993 :
Sede del congreso/Lugar de la reunión Santo Domingo)
245 10 - MENCIÓN DE TÍTULO
Título Ponencias del Congreso Crítico de Literatura Dominicana /
Mención de responsabilidad, etc. editores Diógenes Céspedes, Soledad Álvarez, Pedro Vergés.
264 ## - PRODUCCIÓN, PUBLICACIÓN, DISTRIBUCIÓN, FABRICACIÓN Y COPYRIGHT
Producción, publicación, distribución, fabricación y copyright Santo Domingo :
Nombre del de productor, editor, distribuidor, fabricante Editora de colores,
Fecha de producción, publicación, distribución, fabricación o copyright 1994.
300 ## - DESCRIPCIÓN FÍSICA
Extensión 290 páginas ;
Dimensiones 24 cm.
336 ## - TIPO DE CONTENIDO
Término de tipo de contenido texto
Código de tipo de contenido txt
Fuente rdacontent
337 ## - TIPO DE MEDIO
Nombre/término del tipo de medio sin mediación
Código del tipo de medio n
Fuente rdamedia
338 ## - TIPO DE SOPORTE
Nombre/término del tipo de soporte volumen
Código del tipo de soporte nc
Fuente rdacarrier
504 ## - NOTA DE BIBLIOGRAFÍA, ETC.
Nota de bibliografía, etc. Incluye referencias bibliográficas y notas al pie de las páginas
505 0# - NOTA DE CONTENIDO CON FORMATO
Nota de contenido con formato Discurso inagural de /Marcio Veloz Maggiolo -- Biblioestadística de la literatura dominicana 1820-1990 -- Ideologías y vanguardias en la literatura dominicana 1900-1930 -- Ecos del arielismo en varios textos literarios -- Las vanguardias y la identidad cultural en la literatura dominicana--La función social del escritor por la fundación social de la obra -- Poesía y pintura dominicana dominicana. Una relación que todavía pertenece -- La literatura y los parámetros de "lo universal" -- El romancero en Santo Domingo -- Vidas marginadas... causas marginales -- Caraterísticas ideológicas del discurso de izquierdas en nuestra literatura -- La literatura para niños y jóvenes en la República Dominicana -- Percepción de la mujer en la narrativa dominicana -- La novela trujillista -- El escritor y su lengua: límites y posivilidades -- La enseñanza de la literatura en la escuela secundaria y universidad : ¿valor o ideología? -- Haciendo teatro -- Los escritores dominicanos o cómo nadar entre tiburones: un manual -- Mesa redonda en torno a la situación del escritor dominicano -- Palabras de clausura en el Congreso Crítico de Literatura Dominicana.
590 ## - NOTA LOCAL (RLIN)
Nota local Inventariado, 2026/ VM
650 #7 - PUNTO DE ACCESO ADICIONAL DE MATERIA--TÉRMINO DE MATERIA
Término de materia o nombre geográfico como elemento de entrada Literatura dominicana
Subdivisión general Historia y crítica
650 #4 - PUNTO DE ACCESO ADICIONAL DE MATERIA--TÉRMINO DE MATERIA
Término de materia o nombre geográfico como elemento de entrada Movimientos literarios
650 #7 - PUNTO DE ACCESO ADICIONAL DE MATERIA--TÉRMINO DE MATERIA
Término de materia o nombre geográfico como elemento de entrada Autores dominicanos
Subdivisión cronológica Siglo XX
700 1# - PUNTO DE ACCESO ADICIONAL--NOMBRE DE PERSONA
Nombre de persona Álvarez, Soledad
Fechas asociadas al nombre 1950-
Término indicativo de función/relación editor
700 1# - PUNTO DE ACCESO ADICIONAL--NOMBRE DE PERSONA
Nombre de persona Verges, Pedro,
Fechas asociadas al nombre 1945-
Término indicativo de función/relación editor
700 12 - PUNTO DE ACCESO ADICIONAL--NOMBRE DE PERSONA
Nombre de persona Céspedes, Diógenes,
Fechas asociadas al nombre 1941-
Término indicativo de función/relación editor
910 ## - DATOS DE OPCIÓN DEL USUARIO (OCLC)
Datos de opción del usuario VMateo V. Control de calidad BPMSU
942 ## - ELEMENTOS DE PUNTO DE ACCESO ADICIONAL (KOHA)
Fuente del sistema de clasificación o colocación Dewey Decimal Classification
Tipo de ítem Koha Libros
Existencias
Estado de retiro Estado de pérdida Fuente del sistema de clasificación o colocación No para préstamo Código de colección Localización permanente Ubicación/localización actual Fecha de adquisición Total de préstamos Signatura topográfica completa Código de barras Fecha visto por última vez Precio válido a partir de Tipo de ítem Koha
    Dewey Decimal Classification   Colección Dominicana Biblioteca Pública Metropolitana Salomé Ureña Biblioteca Pública Metropolitana Salomé Ureña 04/28/2026   BPMSU CD 801.95 C749p 1994 BPMSU26040047 04/28/2026 04/28/2026 Libros